[Event "Wch FIDE Online U16 Asia qual"]
[Site "Tornelo INT"]
[Date "2020.12.12"]
[Round "4"]
[White "Bilal, Hammad"]
[Black "Khaled Waleed, Abdullah"]
[Result "1-0"]
[WhiteElo "1802"]
[BlackElo "1568"]
[PlyCount "99"]
[EventDate "2020.12.11"]
[EventType "swiss (rapid)"]
[EventRounds "7"]
[EventCountry "ISS"]
[SourceTitle "EXT 2022"]
[Source "ChessBase"]
[SourceDate "2021.10.06"]
[SourceVersion "1"]
[SourceVersionDate "2021.10.06"]
[SourceQuality "1"]

1. Nf3 Nf6 2. d4 e6 3. Bf4 d5 4. e3 c5 5. c3 Nc6 6. Nbd2 Bd6 7. dxc5 Bxc5 8. Nb3 Bd6 9. Bxd6 Qxd6 10. Be2 0-0 11. 0-0 b6 12. c4 Rd8 13. Qc2 Bb7 14. cxd5 Nxd5 15. Rfd1 Qe7 16. Nbd4 Rac8 17. Nxc6 Bxc6 18. Qb3 Nf6 19. Rac1 Ne4 20. Nd4 Bd5 21. Bc4 Rxc4 22. Rxc4 Qh4 23. g3 Qh3 24. Nf3 Ng5 25. Nh4 Rf8 26. Rxd5 exd5 27. Rf4 Rc8 28. Qd1 Qe6 29. Nf3 Nh3+ 30. Kg2 Nxf4+ 31. gxf4 Qg4+ 32. Kf1 Rc5 33. Ke1 Qg2 34. Ke2 Rb5 35. Qc2 Rc5 36. Qa4 h6 37. Qe8+ Kh7 38. Qa4 Rc1 39. Nd2 Qg4+ 40. Kd3 Qf5+ 41. Ke2 Qc2 42. Qb5 Qd1+ 43. Kd3 Rc2 44. Qb4 Rc4 45. Qb3 Qxb3+ 46. Nxb3 Ra4 47. a3 Rc4 48. Nd4 Kg6 49. b3 Kf6 50. bxc4 1-0

[Event "Wch FIDE Online U16 Asia qual"]
[Site "Tornelo INT"]
[Date "2020.12.11"]
[Round "2"]
[White "Malik, Jan Adiar"]
[Black "Bilal, Hammad"]
[Result "1/2-1/2"]
[WhiteElo "2201"]
[BlackElo "1802"]
[PlyCount "133"]
[EventDate "2020.12.11"]
[EventType "swiss (rapid)"]
[EventRounds "7"]
[EventCountry "ISS"]
[SourceTitle "EXT 2022"]
[Source "ChessBase"]
[SourceDate "2021.10.06"]
[SourceVersion "1"]
[SourceVersionDate "2021.10.06"]
[SourceQuality "1"]

1. e4 c5 2. Nf3 Nc6 3. d4 cxd4 4. Nxd4 e6 5. Nc3 Nf6 6. Be3 Bb4 7. Bd3 a6 8. 0-0 0-0 9. f4 d6 10. Nb3 e5 11. Qf3 Bg4 12. Qg3 exf4 13. Bxf4 Qd7 14. Bg5 Nh5 15. Qh4 f6 16. Be3 g5 17. Qf2 Bxc3 18. bxc3 Be6 19. Nd4 Ne5 20. Nf5 Bxf5 21. Qxf5 Qxf5 22. Rxf5 Rac8 23. Bd4 Ng7 24. Rff1 Ne6 25. Rab1 b5 26. Rb4 Nf4 27. Rd1 Rc6 28. a4 bxa4 29. Rxa4 Rfc8 30. Rxa6 Nexd3 31. Rxc6 Rxc6 32. cxd3 Kf7 33. Kf2 Ne6 34. Ra1 Kg6 35. Ra7 Nf4 36. Kf3 Nxd3 37. g3 Ne5+ 38. Ke2 Nc4 39. Rd7 Nb6 40. Rd8 Nc4 41. Kd3 Ne5+ 42. Ke2 Ng4 43. h3 Nh6 44. Rf8 d5 45. exd5 Rd6 46. c4 Nf5 47. Bf2 Rd7 48. Re8 Kf7 49. Re4 Rc7 50. h4 Nd6 51. Rg4 Rxc4 52. Rxc4 Nxc4 53. hxg5 fxg5 54. Bc5 Ke8 55. Kd3 Na5 56. Ke4 Kd7 57. Kf5 Nb3 58. Bb4 Nd4+ 59. Kxg5 Nc2 60. Bc5 Ne1 61. Kh6 Nf3 62. Kxh7 Ng5+ 63. Kg6 Ne4 64. Be3 Nxg3 65. Kf6 Kd6 66. Bf4+ Kxd5 67. Bxg3 1/2-1/2

[Event "Wch FIDE Online U16 Asia qual"]
[Site "Tornelo INT"]
[Date "2020.12.11"]
[Round "1"]
[White "Quizon, Daniel"]
[Black "Bilal, Hammad"]
[Result "1-0"]
[WhiteElo "2319"]
[BlackElo "1802"]
[PlyCount "119"]
[EventDate "2020.12.11"]
[EventType "swiss (rapid)"]
[EventRounds "7"]
[EventCountry "ISS"]
[SourceTitle "EXT 2022"]
[Source "ChessBase"]
[SourceDate "2021.10.06"]
[SourceVersion "1"]
[SourceVersionDate "2021.10.06"]
[SourceQuality "1"]

1. e4 c6 2. d4 d5 3. Nd2 dxe4 4. Nxe4 Nf6 5. Ng3 Nbd7 6. Nf3 Nb6 7. Be2 Bg4 8. 0-0 e6 9. b3 c5 10. Bb5+ Nbd7 11. h3 Bxf3 12. Qxf3 a6 13. Bxd7+ Qxd7 14. dxc5 Bxc5 15. Bb2 Be7 16. Rad1 Qc7 17. Ne4 Nxe4 18. Qxe4 0-0 19. Qg4 g6 20. Qd4 f6 21. Qd7 Qxd7 22. Rxd7 Kf7 23. Ba3 Rfe8 24. Rxb7 Kf8 25. Rxe7 Rxe7 26. Rd1 Kf7 27. Bxe7 Kxe7 28. Kf1 Rc8 29. c4 f5 30. Ke2 e5 31. Rd5 Ke6 32. Ra5 Rc6 33. Kd3 g5 34. b4 e4+ 35. Kc3 f4 36. Rxg5 Rd6 37. Rd5 Rxd5 38. cxd5+ Kxd5 39. a4 h5 40. h4 e3 41. fxe3 fxe3 42. Kd3 e2 43. Kxe2 Kc4 44. b5 axb5 45. axb5 Kxb5 46. Ke3 Kc5 47. Kf4 Kd6 48. Kg5 Ke7 49. Kxh5 Kf7 50. g4 Kg8 51. g5 Kh7 52. Kg4 Kg6 53. Kf4 Kh7 54. Kf5 Kg7 55. g6 Kh8 56. Kf6 Kg8 57. g7 Kh7 58. Kf7 Kh6 59. g8Q Kh5 60. Qg5# 1-0